| 000 | 01152nam a22002777a 4500 | ||
|---|---|---|---|
| 999 |
_c63965 _d63965 |
||
| 005 | 20240530110708.0 | ||
| 008 | 171225s2016 ua a g b 000 0dara d | ||
| 017 |
_a2015/14219 _bمصر. دار الكتب |
||
| 020 | _a9789773192419 | ||
| 040 |
_aEG-CaGPL _cEG-CaGPL |
||
| 082 | 0 | 4 |
_221 _a305.5\ _bز ص |
| 100 | 1 | _aزيليج ، ليو | |
| 245 | 1 | 2 |
_aالصراع الطبقى فى افريقيا : _bالمقاومة والصراع / _cتحرير ليو زيليج ؛ ترجمة محمد عبدالكريم . |
| 250 | _aط.1 | ||
| 260 |
_aالقاهرة : _bالعربى للنشر و التوزيع ، _c2016 . |
||
| 300 |
_a255 ص. ؛ _c24 سم. |
||
| 650 | 0 | 7 |
_2qrmak _aالصراع الاجتماعى |
| 650 | 0 | 7 |
_2qrmak _aالحرب الباردة |
| 650 | 0 | 7 |
_2qrmak _aالصراع الاجتماعى _zافريقيا |
| 651 | 0 | 7 |
_2qrmak _aزامبيا _xالاحوال السياسية |
| 651 | 0 | 7 |
_2qrmak _aجنوب افريقيا |
| 651 | 0 | 7 |
_2qrmak _aنيجيريا _xالاحوال السياسية |
| 700 | 0 |
_aمحمد عبدالكريم _eمترجم |
|
| 942 |
_2ddc _cBK |
||